Govt. of
Madhya Pradesh

Normal view MARC view

Entry Personal Name

Number of records used in: 1

001 - CONTROL NUMBER

  • control field: 25611

003 - CONTROL NUMBER IDENTIFIER

  • control field: OSt

005 - DATE AND TIME OF LATEST TRANSACTION

  • control field: 20151231130328.0

008 - FIXED-LENGTH DATA ELEMENTS

  • fixed length control field: 151231|| aca||aabn | a|a d

040 ## - CATALOGING SOURCE

  • Original cataloging agency: OSt
  • Transcribing agency: OSt

100 ## - HEADING--PERSONAL NAME

  • Personal name: Cama, Bro Kharshedji Rustamji

670 ## - SOURCE DATA FOUND

  • Source citation: Work cat.: (OSt)39031: Cama, Bro Kharshedji Rustamji, The K R Cama Masonic Jublilee Volume, 1907